History Quiz

Random History or Year Quiz

Historical Events of 1848 Quiz Stats

 Plays Quiz Updated Jun 25, 2014

Challenge
Share
Tweet
Embed
Score 0/19 Timer 05:00
1 Play Today
Event Answer % Correct
January 24California
95.2%
July 29Potato
76.1%
September 16Slavery
73.9%
May 15Paris
65.9%
November 1Boston
61.5%
December 20Napoleon Bonaparte
58.7%
September 12Switzerland
54.2%
March 24Denmark
53.1%
February 21The Communist Manifesto
50%
January 3Liberia
49.7%
Event Answer % Correct
November 7Zachary Taylor
46.9%
July 26Ceylon
45.2%
June 17Prague
34.5%
March 3Hungary
28.1%
July 19Seneca Falls
24%
May 19Treaty of Guadalupe Hidalgo
22.4%
March 13Klemens Wensel, Prince von Metternich
12.5%
April 10Chartism
6.6%
September 16Hyperion
2.1%

You're not logged in!

Compare scores with friends on all Sporcle quizzes.
Join for Free
OR
Log In

You Might Also Like...

Show Comments

Extras

Top Quizzes Today


Score Distribution

Your Account Isn't Verified!

In order to create a playlist on Sporcle, you need to verify the email address you used during registration. Go to your Sporcle Settings to finish the process.

Report this User

Report this user for behavior that violates our Community Guidelines.

Details: